Interakce fiskální a monetární politiky v České republice a na Slovensku

Posúdenie vzájomneho pôsobenia fiškálnej a monetárnej politiky v Českej republike a na Slovensku. Identifikácia premenných, ktoré ovplyvňujú rozhodovanie obidvoch politík a najmä, či tieto politiky na seba pri svojom rozhodovaní berú ohľad.

Gespeichert in:
Bibliographische Detailangaben
1. Verfasser: Janků, Jan
Weitere Verfasser: Kappel, Stanislav
Format: Buchkapitel
Sprache:Englisch
Schlagworte:
Tags: Tag hinzufügen
Keine Tags, Fügen Sie das erste Tag hinzu!

MARC

LEADER 00000naa a2200000 4500
001 0194748
005 20231128131927.9
041 0 |a eng 
044 |a CZ 
245 1 0 |a Interakce fiskální a monetární politiky v České republice a na Slovensku  |c Jan Janků, Stanislav Kappel 
520 |a Posúdenie vzájomneho pôsobenia fiškálnej a monetárnej politiky v Českej republike a na Slovensku. Identifikácia premenných, ktoré ovplyvňujú rozhodovanie obidvoch politík a najmä, či tieto politiky na seba pri svojom rozhodovaní berú ohľad. 
610 2 0 |a Slovensko 
610 2 0 |a Česko 
610 2 0 |a analýza regresná 
610 2 0 |a politika menová 
610 2 0 |a politika fiškálna 
100 1 |a Janků, Jan 
700 1 |a Kappel, Stanislav